| 000 | 00382nab a22001097u 4500 | ||
|---|---|---|---|
| 008 | 130520b2003 xxu||||| |||| 00| 0 fre d | ||
| 041 | _afre | ||
| 100 | 1 |
_aChampagne, Élaine _954641 |
|
| 245 | 0 | 0 |
_aLe spirituel révélé au coeur de l'expérience quotidienne de tout-petits _cÉlaine Champagne |
| 773 | 0 |
_tLumen Vitae _gV.58, nº3,2003,págs. 319-329 _x0024-7324 _wRev262 |
|
| 942 | _cAR | ||
| 999 |
_c312075 _d312075 |
||